000 01302nam a2200373 a 4500
001 00263
003 DO-SdBNP
005 20180312102051.0
007 00263
008 100802s2004 dr 2004 000 0 spa d
020 _a9788482615257 v.2 - Guía
020 _a9788482616353 v. 3 - Cuaderno
040 _aBPMSU
_bspa
_cBPMSU
082 0 4 _a372.6561
_bG216e 7mo. 2004
100 1 _4García-Cartagena, Manuel
245 1 0 _aEspañol 7:
_beducación básica /
_cManuel García-Cartagena ; direccion editorial Obdulia García de Escobar; ilustración
260 _aSanto Domingo :
_bSantillana,
_c2004.
300 _a2 v. :
_bil., retrs. ;
_c28 cm.
490 1 _aÁmbar
500 _aLa biblioteca posee la guía y el cuaderno
650 4 _aESPAÑOL
_xENSEÑANZA BÁSICA
650 4 _aESPAÑOL
_xEDUCACIÓN PRIMARIA
650 4 _aESPAÑOL
_xLIBROS DE TEXTOS
650 4 _aESPAÑOL
_xESTUDIOS Y EJERCICIOS
650 4 _aEDUCACIÓN PRIMARIA
_zREPÚBLICA DOMINICANA
700 1 _aGarcía de Escobar, Obdulia,
_edir. ed.
700 1 _aGarcía-Cartagena, Manoel
700 1 _aNúñez, Ruddy
_eil.
830 0 _aÁmbar
910 _aValidado. Control de calidad MFF
942 _2ddc
_cBK
945 _aRemanejado para la BNPHU / 2018 VM
956 _aBTAVÁREZ
_b10
_c20100802
_lBND02
_h00263
999 _c9929
_d9929